| 000 | 00462nam a2200169Ia 4500 | ||
|---|---|---|---|
| 003 | GCL | ||
| 008 | 140319s9999 xx 000 0 eng d | ||
| 040 |
_aGCL / _cGCL |
||
| 082 | 0 | 4 |
_a792.23 _bK K |
| 100 | 1 | _aKEMMY, DON | |
| 245 | 1 | 0 |
_aTHE KYOGEN BOOK: AN ANTHOLOGY OF JAPANESE CLASSICAL COMEDIES / _cKEMMY, DON |
| 260 |
_a[S.N] : _bTHE JAPAN TIMES ، _c1989 |
||
| 650 | 0 | 4 | _aOPERA - JAPAN |
| 650 | 0 | 4 | _aART, JAPAN |
| 650 | 0 | 4 | _aJAPAN - MUSIC |
| 942 |
_2ddc _cBK |
||
| 999 |
_c19308 _d19308 |
||